overseas territories of the uk - Statistics

General Stats
  • This quiz has been taken 91 times
  • The average score is 5 of 18
Answer Stats
continent Answer % Correct
Europe Gibraltar
69%
South America Falkland Islands
60%
North America Bermuda
58%
North America Cayman Islands
42%
North America Anguilla
40%
North America Montserrat
40%
Africa St Helena
40%
Oceania Pitcairn
33%
Antarctica South Georgia
33%
North America Turks and Caicos Islands
29%
Africa Tristan da Cunha
25%
Africa Ascension
23%
Antarctica British Antarctic Territory
19%
Antarctica South Sandwich Islands
12%
Oceania henderson
8%
Asia Chagos Archipelago
6%
Oceania Ducie and Oeno Islands
6%
Europe Akrotiri en Dhekelia
4%
No matching quizzes found
Score Distribution
Percent of People with Each Score
Percentile by Number Answered
Your Score History
You have not taken this quiz